| 000 | 00505nam a22001817a 4500 | ||
|---|---|---|---|
| 003 | AM-YeHGA | ||
| 005 | 20250617154003.0 | ||
| 008 | 180405s xxu||||| |||| 00| 0 rus d | ||
| 040 | _aAM-YeHGA | ||
| 041 | 0 | _arus | |
| 100 | 1 | _aРодичев, Николай | |
| 245 | 1 | 0 |
_aСтихи / _cНиколай Родичев |
| 260 |
_aХарьков : _bХарьк. кн. изд-во, _c1953 |
||
| 300 | _a48 с. | ||
| 653 | 0 | _aРусская литература | |
| 942 |
_2udc _cBK |
||
| 090 | _c404468 | ||
| 999 |
_c402253 _d402253 |
||